000 00785nam a2200229 a 4500
005 20240419064014.0
008 991125s1999 mx 000 0 spa u
020 _a9682310792
035 _aUPN01000001375
049 _aCG
050 4 _aHD8114
_bC4.3 no.16 1999
100 1 _aGómez-Quiñones, Juan
245 1 0 _aAl norte del Río Bravo :
_bpasado lejano : 1600-1930 /
_cJuan Gómez-Quiñones y David Maciel.
250 _a3a ed.
260 _aMéxico :
_bSiglo XXI :
_bUNAM, Instituto de Investigaciones Sociales,
_c1999.
300 _a263 p.
440 3 _aLa clase obrera en la historia de México ;
_v16
650 4 _aTrabajo y trabajadores
_zMéxico
_xHistoria
_910850
650 4 _aTRABAJO MIGRATORIO
_92264
700 1 _aMaciel, David,
_d1943-
_ecoaut.
_931688
905 _aLibro
999 _c1375
_d1375